Παράνομες χειρόγραφες εφημερίδες : απ'τις φυλακές και τις εξορίες
Saved in:
| Main Author: | |
|---|---|
| Format: | Book |
| Language: | Greek |
| Published: |
Αθήνα :
Σύγχρονη Εποχή,
2003.
|
| Subjects: | |
| Tags: |
Add Tag
No Tags, Be the first to tag this record!
|
MARC
| LEADER | 00000cam a2200000 i 4500 | ||
|---|---|---|---|
| 001 | 1/69799 | ||
| 008 | 050121s2003 gr | ||| |||| ||gre|| | ||
| 020 | |a 9602249404 | ||
| 035 | |l 10076043 | ||
| 040 | |a GR-MY-UA |b gre |e aacr | ||
| 041 | 0 | |a gre | |
| 082 | 7 | |a 070.5722 |2 (21) | |
| 100 | 1 | |a Σέρβος, Δημήτρης. | |
| 245 | 1 | 0 | |a Παράνομες χειρόγραφες εφημερίδες : |b απ'τις φυλακές και τις εξορίες / |c Δημήτρης Σέρβος. |
| 260 | |a Αθήνα : |b Σύγχρονη Εποχή, |c 2003. | ||
| 300 | |a 423 σ. : |b εικ. ; |c 35 εκ. | ||
| 500 | |a Αφιερώνεται στα 85χρονα του Κομμουνιστικού Κόμματος Ελλάδας. | ||
| 504 | |a Περιέχει βιβλιογραφικές αναφορές και ευρετήριο. | ||
| 650 | 0 | 0 | |a Greek newspapers |x Greece |x History |x 20th century. |
| 852 | |a INST |b SAMOS |e 20050121 |h 070.5722 ΣΕΡ |p 005300023291 |q 005300023291 |t BK |y 0 | ||
| 901 | |a BIBL3-2005-1 | ||
| 909 | |a Σ |b 107377 | ||
| 922 | |a 3ΕΛΗ |b 200406 |c ΤΜΠΕΣ |d LEADER | ||
| 970 | |a ΚΟΣΙΕΡΗΣ |b ΧΡΗΣΤΟΣ |z 2005/01/21 | ||